000 00377nam a2200145Ia 4500
041 _aKurdish
082 _a155,3 cut-952 ك
100 _a20260118u\\\\\\\\\\\y0engy0103\\\\ba
100 _aد.عەلى کەمال
245 0 _aسێکس و دەروون
250 _aچ1
260 _bچاپخانەیى سەردەم
_aسلێمانى
_c2015
300 _a926
942 _cBk
999 _c188034
_d188034